Online
Catalog

La reliquia / (Record no. 7583)

MARC details
000 -CABECERA
campo de control de longitud fija 00888cam a2200265 a 4500
001 - NÚMERO DE CONTROL
campo de control 000007805
005 - FECHA Y HORA DE LA ÚLTIMA TRANSACCIÓN
campo de control 20200929154313.0
008 - DATOS DE LONGITUD FIJA--INFORMACIÓN GENERAL
campo de control de longitud fija 000831s1997 ck 000 0 spa
020 ## - NÚMERO INTERNACIONAL ESTÁNDAR DEL LIBRO
Número Internacional Estándar del Libro 9589232396
040 ## - FUENTE DE LA CATALOGACIÓN
Centro catalogador/agencia de origen DO-SdBNP
Centro/agencia transcriptor DLC
041 17 - CÓDIGO DE LENGUA
Código de lengua del texto/banda sonora o título independiente spa
Código de lengua original eng
Fuente del código Código de idioma MARC
082 ## - NÚMERO DE LA CLASIFICACIÓN DECIMAL DEWEY
Número de clasificación 869.341
Número de documento/Ítem E17r
100 1# - ENTRADA PRINCIPAL--NOMBRE DE PERSONA
Nombre de persona Queiros, Eca de,
Títulos y otros términos asociados al nombre (José María)
Fechas asociadas al nombre 1845-1900.
9 (RLIN) 21514
240 10 - TÍTULO UNIFORME
Título uniforme A reliquia.
Lenguaje de la obra Español
245 13 - MENCIÓN DE TÍTULO
Título La reliquia /
Mención de responsabilidad, etc. José María Eca de Queiroz ; traducción, Ramón del Valle Inclán.
260 ## - PUBLICACIÓN, DISTRIBUCIÓN, ETC.
Lugar de publicación, distribución, etc. Bogota :
Nombre del editor, distribuidor, etc. Altamir,
Fecha de publicación, distribución, etc. 1997.
300 ## - DESCRIPCIÓN FÍSICA
Extensión 241 p. ;
Dimensiones 21 cm.
490 1# - MENCIÓN DE SERIE
Mención de serie Biblioteca Peregrina
534 ## - NOTA SOBRE LA VERSIÓN ORIGINAL
Encabezamiento principal del original Título original :
Mención de título del original A reliquia
650 #4 - PUNTO DE ACCESO ADICIONAL DE MATERIA--TÉRMINO DE MATERIA
Término de materia o nombre geográfico como elemento de entrada Novela portuguesa
9 (RLIN) 12951
650 #4 - PUNTO DE ACCESO ADICIONAL DE MATERIA--TÉRMINO DE MATERIA
Término de materia o nombre geográfico como elemento de entrada Literatura portuguesa
9 (RLIN) 12952
700 1# - PUNTO DE ACCESO ADICIONAL--NOMBRE DE PERSONA
Nombre de persona Valle Inclán, Ramón del,
Término indicativo de función/relación tr.
9 (RLIN) 21515
830 #0 - PUNTO DE ACCESO ADICIONAL DE SERIE-TÍTULO UNIFORME
Título uniforme Biblioteca Peregrina
9 (RLIN) 21516
910 ## - DATOS DE OPCIÓN DEL USUARIO (OCLC)
Datos de opción del usuario Catalogación por copia / LC
Holdings
Estado de retiro Estado de pérdida Restricciones de uso No para préstamo Código de colección Localización permanente Ubicación/localización actual Ubicación en estantería Fecha de adquisición Número de inventario Total de préstamos Signatura topográfica completa Código de barras Fecha visto por última vez Precio válido a partir de Tipo de ítem Koha
    Préstamo interno   Monografías: Libros y Folletos General General En catalogación 10.09.2009 LF1   869.341 E17r 7805-10 25.06.2020 25.06.2020 Préstamo interno

Powered by Koha